Daňové výdavky na pracovné cesty u podnikateľa
Podnikatelia v súvislosti s ich podnikateľskou činnosťou často uskutočňujú pracovné cesty. A práve pri pracovných cestách im vznikajú výdavky, ktoré si vedia uplatniť ako daňové splnením podmienok. Jednotlivé daňové výdavky si podrobne rozoberie z pohľadu zákona o dani z príjmov a zákona o cestovnýc...
Gespeichert in:
| 1. Verfasser: | |
|---|---|
| Format: | Buchkapitel |
| Sprache: | Slowakisch |
| Tags: |
Keine Tags, Fügen Sie das erste Tag hinzu!
|
MARC
| LEADER | 00000naa a2200000 4500 | ||
|---|---|---|---|
| 001 | 0302756 | ||
| 005 | 20240619075842.0 | ||
| 041 | 0 | |a slo | |
| 044 | |a SK | ||
| 245 | 1 | 0 | |a Daňové výdavky na pracovné cesty u podnikateľa |c Zuzana Uríková |
| 520 | |a Podnikatelia v súvislosti s ich podnikateľskou činnosťou často uskutočňujú pracovné cesty. A práve pri pracovných cestách im vznikajú výdavky, ktoré si vedia uplatniť ako daňové splnením podmienok. Jednotlivé daňové výdavky si podrobne rozoberie z pohľadu zákona o dani z príjmov a zákona o cestovných náhradách. | ||
| 100 | 1 | |a Uríková, Zuzana | |